[Event "NK Jeugd Cm"]
[Site "Assen"]
[Date "2017.04.23"]
[Round "1.1"]
[White "Roebers, Eline"]
[Black "Tiggelman, Laura"]
[Result "1-0"]
[WhiteElo "1788"]
[BlackElo "1114"]
[PlyCount "49"]
[EventDate "2017.??.??"]

1. d4 Nf6 2. c4 g6 3. Nc3 Bg7 4. e4 d6 5. f3 O-O 6. Be3 Nbd7 7. Qd2 c5 8. O-O-O
Qc7 9. Kb1 a6 10. d5 Rd8 11. Bh6 Nf8 12. Bxg7 Kxg7 13. Nge2 Bd7 14. Nf4 Rdb8
15. g4 b5 16. h4 Kg8 17. g5 Ne8 18. Qh2 b4 19. Nce2 f5 20. h5 fxe4 21. hxg6 Bf5
22. Ng3 exf3+ 23. Nxf5 Qd7 24. Ne6 Nxg6 25. Qxh7# 1-0

[Event "NK Jeugd Cm"]
[Site "Assen"]
[Date "2017.04.23"]
[Round "1.2"]
[White "Arnold, Kiri"]
[Black "Mang, Jessie"]
[Result "0-1"]
[WhiteElo "1104"]
[BlackElo "1552"]
[PlyCount "52"]
[EventDate "2017.??.??"]

1. e4 c5 2. Nc3 d6 3. g3 g6 4. Bg2 Bg7 5. d3 e6 6. f4 Ne7 7. Nf3 O-O 8. O-O
Nbc6 9. Be3 b6 10. h3 d5 11. Bf2 Bb7 12. a3 Qd7 13. Qc1 Rfd8 14. g4 f5 15. e5
h6 16. Bh4 Rf8 17. Bf2 d4 18. Ne2 Nd5 19. Nh4 Kh7 20. Kh1 Rf7 21. Qe1 fxg4 22.
hxg4 Nxf4 23. Be4 Nxe5 24. Nxf4 Rxf4 25. Rg1 Bxe4+ 26. dxe4 Qb7 0-1

[Event "NK Jeugd Cm"]
[Site "Assen"]
[Date "2017.04.23"]
[Round "1.3"]
[White "Martinez, Sara"]
[Black "Rijken, Heidi"]
[Result "1-0"]
[WhiteElo "1496"]
[BlackElo "1035"]
[PlyCount "54"]
[EventDate "2017.??.??"]

1. e4 d5 2. exd5 Qxd5 3. Nc3 Qa5 4. d4 Nf6 5. Bd2 c6 6. Nf3 Bg4 7. Bc4 Nbd7 8.
Nd5 Qd8 9. Nxf6+ Nxf6 10. Ne5 Qc8 11. Bxf7+ Kd8 12. Nxg4 Nxg4 13. Bh5 Qe6+ 14.
Qe2 Qxe2+ 15. Kxe2 Nf6 16. Bf3 g6 17. Rab1 Bg7 18. Rbd1 Ke8 19. c4 Rd8 20. Bc3
Rg8 21. b4 Rd7 22. b5 cxb5 23. cxb5 b6 24. Bc6 Ne4 25. Bxe4 Rc7 26. Rd3 Rf8 27.
f3 Kd8 1-0

[Event "NK Jeugd Cm"]
[Site "Assen"]
[Date "2017.04.23"]
[Round "1.4"]
[White "Mang, Dalya"]
[Black "De Putter, Nina"]
[Result "0-1"]
[WhiteElo "1000"]
[BlackElo "1459"]
[PlyCount "100"]
[EventDate "2017.??.??"]

1. d4 d5 2. c4 e6 3. Nf3 Nf6 4. Bf4 c5 5. e3 Nc6 6. Nc3 cxd4 7. exd4 dxc4 8.
Bxc4 Bd6 9. Bg3 O-O 10. O-O Bxg3 11. hxg3 a6 12. Rc1 b5 13. Bb3 Bb7 14. Re1 Qb6
15. Ne4 Nxe4 16. Rxe4 Rfd8 17. a3 Na5 18. Re3 Nxb3 19. Rxb3 Bxf3 20. Qxf3 Qxd4
21. Rc7 Qd1+ 22. Kh2 Qxf3 23. Rxf3 f6 24. Rf4 Rd2 25. b4 Rd3 26. Rg4 g5 27. f4
h5 28. fxg5 hxg4 29. gxf6 Rf8 30. Rg7+ Kh8 31. Rxg4 Rxf6 32. Rh4+ Kg7 33. Re4
Rh6+ 34. Kg1 Rxg3 35. Kf2 Rxa3 36. Rf4 Rf6 37. Rxf6 Kxf6 38. g3 Kf5 39. Kg2 Kg4
40. Kf2 Rxg3 41. Ke2 Rb3 42. Kd2 Rxb4 43. Kd3 Kf5 44. Ke3 Rc4 45. Kf3 Rc3+ 46.
Ke2 Kf4 47. Kf2 Rc2+ 48. Kg1 Kf3 49. Kh1 Kg3 50. Kg1 Rc1# 0-1

[Event "NK Jeugd Cm"]
[Site "Assen"]
[Date "2017.04.23"]
[Round "1.5"]
[White "Honkoop, Stella"]
[Black "Basa, Manasvita"]
[Result "1-0"]
[WhiteElo "1389"]
[BlackElo "935"]
[PlyCount "73"]
[EventDate "2017.??.??"]

1. e4 e5 2. Nf3 Nc6 3. d4 exd4 4. Nxd4 Qe7 5. Nc3 Nf6 6. Nxc6 dxc6 7. Bd3 g6 8.
Bf4 Bg7 9. a3 O-O 10. Qd2 Bf5 11. f3 Rad8 12. O-O-O Be6 13. Bg5 Qc5 14. Rhe1
Rd7 15. Qe3 Qxe3+ 16. Bxe3 Rfd8 17. Kb1 b6 18. Rd2 c5 19. Red1 c6 20. Be2 h6
21. Rxd7 Rxd7 22. Rxd7 Nxd7 23. f4 Bd4 24. Nd1 f5 25. e5 Kf7 26. b3 Bxe3 27.
Nxe3 g5 28. g3 g4 29. Bd3 Kg6 30. Nxg4 Bd5 31. Ne3 Be6 32. g4 Kf7 33. gxf5 h5
34. fxe6+ Kxe6 35. Bf5+ Ke7 36. Bxd7 Kxd7 37. f5 1-0

[Event "NK Jeugd Cm"]
[Site "Assen"]
[Date "2017.04.23"]
[Round "1.6"]
[White "Hatzmann, Mirthe"]
[Black "Adema, Marrit"]
[Result "0-1"]
[WhiteElo "915"]
[BlackElo "1379"]
[PlyCount "150"]
[EventDate "2017.??.??"]

1. e4 c5 2. Nc3 d6 3. g3 Nc6 4. Bg2 g6 5. d3 Bg7 6. Be3 Nf6 7. f4 O-O 8. Nf3
Qb6 9. Rb1 Be6 10. a3 Ng4 11. Bd2 c4 12. Rf1 Nd4 13. h3 Nxf3+ 14. Rxf3 Nh2 15.
Rf2 Bd4 16. Qe2 Rac8 17. f5 cxd3 18. cxd3 gxf5 19. exf5 Bxf2+ 20. Qxf2 Qxf2+
21. Kxf2 Bxf5 22. Bxb7 Rc7 23. Bg2 Rb8 24. Ke2 Kg7 25. Nd5 Rc5 26. b4 e6 27.
Ne3 a5 28. bxc5 Rxb1 29. Nxf5+ exf5 30. cxd6 Kf6 31. Bxa5 Ke6 32. Bb4 Rb2+ 33.
Bd2 Kxd6 34. a4 Ra2 35. a5 Kc7 36. Bd5 Rb2 37. a6 Kb6 38. Bb7 Nf1 39. Kxf1 Rxd2
40. Ke1 Rxd3 41. Kf2 f4 42. gxf4 Rxh3 43. Kg2 Ra3 44. f5 f6 45. Kh2 Ra5 46. Bc8
Kc7 47. Be6 Rxa6 48. Kg3 Ra4 49. Kf3 Kd6 50. Bg8 h5 51. Kg3 Ke5 52. Be6 Rb4 53.
Kh3 Rg4 54. Bd7 Kf4 55. Be6 Kg5 56. Bd7 Rf4 57. Kg3 Rd4 58. Be6 Rd3+ 59. Kf2
Kf4 60. Kg2 h4 61. Kh2 Kg4 62. Bc4 Rd2+ 63. Kg1 Kxf5 64. Bf1 Kf4 65. Bg2 Kg3
66. Bh3 Kxh3 67. Kf1 Kg3 68. Ke1 Rh2 69. Kd1 Kf3 70. Kc1 Ke3 71. Kb1 Kd3 72.
Ka1 Kc3 73. Kb1 Rg2 74. Ka1 Kb3 75. Kb1 Rg1# 0-1

[Event "NK Jeugd Cm"]
[Site "Assen"]
[Date "2017.04.23"]
[Round "1.7"]
[White "Woest, Imre"]
[Black "Van Dongen, Lana"]
[Result "1-0"]
[BlackElo "906"]
[WhiteElo "1332"]
[LiveChessVersion "1.4.8"]

1. e4 {[%clk 1:30:57]} Nc6 {[%clk 1:30:48]} 2. Nf3 {[%clk 1:31:16]} d5
{[%clk 1:30:43]} 3. exd5 {[%clk 1:31:25]} Qxd5 {[%clk 1:30:53]} 4. Nc3
{[%clk 1:31:38]} Qa5 {[%clk 1:30:52]} 5. d4 {[%clk 1:31:05]} Bg4 {[%clk 1:29:30]}
6. Be3 {[%clk 1:29:52]} O-O-O {[%clk 1:28:57]} 7. Be2 {[%clk 1:29:45]} e5
{[%clk 1:26:43]} 8. Nxe5 {[%clk 1:22:27]} Bxe2 {[%clk 1:25:27]} 9. Nxc6
{[%clk 1:22:44]} Bxd1 {[%clk 1:24:24]} 10. Nxa5 {[%clk 1:23:12]} Bxc2
{[%clk 1:23:07]} 11. O-O {[%clk 1:21:38]} Nf6 {[%clk 1:21:34]} 12. Rac1
{[%clk 1:18:10]} Bf5 {[%clk 1:20:18]} 13. Nb5 {[%clk 1:15:58]} c6
{[%clk 1:15:32]} 14. Nxa7+ {[%clk 1:15:50]} Kb8 {[%clk 1:14:54]} 15. N7xc6+
{[%clk 1:16:02]} bxc6 {[%clk 1:14:32]} 16. Nxc6+ {[%clk 1:16:08]} Kc7
{[%clk 1:14:30]} 17. Ne7+ {[%clk 1:14:05]} Kd7 {[%clk 1:13:33]} 18. Nxf5
{[%clk 1:14:20]} g6 {[%clk 1:12:50]} 19. Bg5 {[%clk 1:13:52]} Ke6
{[%clk 1:12:25]} 20. Ng3 {[%clk 1:13:49]} Rxd4 {[%clk 1:12:02]} 21. Rfe1+
{[%clk 1:14:00]} Kd7 {[%clk 1:11:20]} 22. Bxf6 {[%clk 1:13:51]} Ra4
{[%clk 1:10:11]} 23. Bxh8 {[%clk 1:14:05]} Rxa2 {[%clk 1:10:29]} 24. Red1+
{[%clk 1:13:15]} Ke6 {[%clk 1:10:28]} 25. Rc2 {[%clk 1:12:50]} Bb4
{[%clk 1:08:57]} 26. Re2# 1-0

[Event "NK Jeugd Cm"]
[Site "Assen"]
[Date "2017.04.23"]
[Round "1.8"]
[White "Bruggink, Lyne"]
[Black "Boghossian, Linet"]
[Result "1-0"]
[WhiteElo "849"]
[BlackElo "1288"]
[PlyCount "83"]
[EventDate "2017.??.??"]

1. e4 e5 2. Nf3 Nc6 3. Bb5 d6 4. d4 exd4 5. Nxd4 Bd7 6. Nxc6 bxc6 7. Bc4 Nf6 8.
O-O Be7 9. Nc3 O-O 10. Be3 Re8 11. Qd3 Ng4 12. Rfe1 Ne5 13. Qe2 Rb8 14. b3 Ra8
15. f4 Nxc4 16. Qxc4 Bf6 17. Bd4 c5 18. Bf2 a6 19. e5 dxe5 20. fxe5 Bxe5 21.
Qxc5 Qf6 22. Re3 Re6 23. Nd5 Qg5 24. Rae1 c6 25. Rxe5 Rxe5 26. Rxe5 Qg4 27.
Ne7+ Kh8 28. Nxc6 Rc8 29. h3 Qf4 30. Rd5 Qc1+ 31. Kh2 Bxc6 32. Qxc6 Ra8 33. Qd6
h6 34. Bd4 Kh7 35. Qg3 f6 36. Rd7 Qf1 37. Qf3 Qb5 38. Qb7 Qg5 39. Qe4+ Kh8 40.
Qf3 Qb5 41. Rd5 Qb8+ 42. Qg3 {... [notatie onnavolgbaar, 60 zetten].} 1-0

[Event "NK Jeugd Cm"]
[Site "Assen"]
[Date "2017.04.23"]
[Round "1.9"]
[White "Raulji, Kavya"]
[Black "Stevanovic, Alexandra"]
[Result "1-0"]
[WhiteElo "1279"]
[BlackElo "839"]
[PlyCount "65"]
[EventDate "2017.??.??"]

1. e4 e5 2. Nf3 Nc6 3. Bc4 Bc5 4. c3 Nf6 5. d3 O-O 6. O-O d6 7. Bb3 Bg4 8. h3
Bh5 9. Be3 Nd7 10. Nbd2 h6 11. Re1 a6 12. Nf1 Qf6 13. Ng3 Bxf3 14. Qxf3 Qxf3
15. gxf3 Na5 16. Bc2 Bb6 17. b4 Nc6 18. a4 a5 19. b5 Ne7 20. d4 exd4 21. cxd4
c6 22. Bd3 Rfe8 23. Rad1 d5 24. e5 c5 25. Nf5 c4 26. Bc2 Rac8 27. Nd6 Rb8 28.
Nxe8 Rxe8 29. Kh1 Rf8 30. Rg1 Ng6 31. e6 Nf6 32. exf7+ Rxf7 33. Rxg6 1-0

[Event "NK Jeugd Cm"]
[Site "Assen"]
[Date "2017.04.23"]
[Round "1.10"]
[White "Van Essen, Marieke"]
[Black "De Zoeten, Cato"]
[Result "0-1"]
[WhiteElo "821"]
[BlackElo "1269"]
[PlyCount "82"]
[EventDate "2017.??.??"]

1. e4 c5 2. Nf3 d6 3. Bc4 Nc6 4. h3 Nf6 5. Nc3 g6 6. Ng5 Ne5 7. Bb5+ Bd7 8. f4
Nc6 9. Bc4 e6 10. f5 Ne5 11. fxe6 Nxc4 12. Nxf7 Qe7 13. Nd5 Nxd5 14. O-O Bxe6
15. Nxh8 Nf6 16. d3 Ne5 17. d4 cxd4 18. Qxd4 Bg7 19. Bg5 Bxh8 20. Qf2 Ned7 21.
Rad1 Nxe4 22. Bxe7 Nxf2 23. Rxf2 Kxe7 24. b3 Rc8 25. c4 Nc5 26. Re2 Kd7 27.
Red2 Be5 28. Rf1 Ne4 29. Rd3 a5 30. Re1 Nc5 31. Rdd1 Bc3 32. Re3 Bf6 33. Rf3
Be7 34. Kf2 a4 35. b4 Ne4+ 36. Ke3 Ng5 37. Rf4 Bxc4 38. Rc1 Ne6 39. Rfxc4 Bg5+
40. Kd3 Bxc1 41. Rxc8 Kxc8 0-1

[Event "NK Jeugd Cm"]
[Site "Assen"]
[Date "2017.04.23"]
[Round "1.11"]
[White "De Boer, Marit"]
[Black "Lukasiak, Alicja"]
[Result "1-0"]
[WhiteElo "1194"]
[BlackElo "175"]
[PlyCount "73"]
[EventDate "2017.??.??"]

1. d4 d5 2. c4 dxc4 3. e4 c5 4. d5 e6 5. Bxc4 Nf6 6. Nc3 e5 7. Nf3 Bd6 8. Bg5
h6 9. Bh4 O-O 10. h3 Bd7 11. Bg3 b5 12. Bd3 c4 13. Bc2 b4 14. Ne2 b3 15. axb3
cxb3 16. Bd3 Bb4+ 17. Kf1 Bd6 18. Qxb3 Qe7 19. Qb7 Nc6 20. dxc6 Rfb8 21. Qa6
Be6 22. Rc1 Rxb2 23. c7 Bxc7 24. Qc6 Rc8 25. Qc3 Rb3 26. Qd2 Rd8 27. Ned4 exd4
28. Rxc7 Qa3 29. Bc2 Qa1+ 30. Qd1 Qa6+ 31. Kg1 Rbb8 32. Bd3 Bc4 33. Rxc4 Qb6
34. Bxb8 Qxb8 35. Qb1 Qd6 36. e5 Qd5 37. exf6 1-0

[Event "NK Jeugd Cm"]
[Site "Assen"]
[Date "2017.04.24"]
[Round "2.1"]
[White "Adema, Marrit"]
[Black "Roebers, Eline"]
[Result "1/2-1/2"]
[WhiteElo "1379"]
[BlackElo "1788"]
[PlyCount "38"]
[EventDate "2017.??.??"]

1. d4 b5 2. e3 Bb7 3. Nf3 a6 4. Bd3 Nf6 5. Nbd2 e6 6. O-O c5 7. b3 Nc6 8. c4 b4
9. Bb2 Qb6 10. Qc2 h6 11. Ne4 Nxe4 12. Bxe4 cxd4 13. exd4 Ne7 14. Bxb7 Qxb7 15.
Rac1 h5 16. h4 Rh6 17. Rfe1 Rg6 18. Qd3 d5 19. c5 Nc6 1/2-1/2

[Event "NK Jeugd Cm"]
[Site "Assen"]
[Date "2017.04.24"]
[Round "2.2"]
[White "Mang, Jessie"]
[Black "Woest, Imre"]
[Result "1-0"]
[WhiteElo "1552"]
[BlackElo "1332"]
[PlyCount "55"]
[EventDate "2017.??.??"]

1. e4 c5 2. Nf3 d6 3. d4 cxd4 4. Nxd4 Nf6 5. Nc3 g6 6. Be2 Bg7 7. O-O O-O 8.
Be3 Nc6 9. Qd2 Bd7 10. f3 Rc8 11. Rac1 a6 12. Nd5 Nxd5 13. exd5 Ne5 14. c4 Qe8
15. b4 Ba4 16. c5 Nd7 17. Nb3 Rc7 18. Na5 Qc8 19. Kh1 dxc5 20. bxc5 Nxc5 21.
Qb4 b6 22. Qxb6 Qb8 23. Qxb8 Rxb8 24. Rxc5 Rxc5 25. Bxc5 Rb2 26. Bxa6 Rxa2 27.
Bc4 Rc2 28. Bxe7 1-0

[Event "NK Jeugd Cm"]
[Site "Assen"]
[Date "2017.04.24"]
[Round "2.3"]
[White "Raulji, Kavya"]
[Black "Martinez, Sara"]
[Result "0-1"]
[WhiteElo "1279"]
[BlackElo "1496"]
[PlyCount "82"]
[EventDate "2017.??.??"]

1. e4 e6 2. Nf3 d5 3. exd5 exd5 4. d4 Nf6 5. Nc3 Bg4 6. Be2 Be7 7. O-O O-O 8.
Be3 Nc6 9. Re1 Bb4 10. Ne5 Nxe5 11. dxe5 Bxe2 12. Rxe2 Bxc3 13. bxc3 Ne4 14.
Qd4 c5 15. Qd3 c4 16. Qd4 Qa5 17. Bd2 Nxd2 18. Rxd2 Rad8 19. Qe3 Rfe8 20. Rd4
f6 21. f4 fxe5 22. fxe5 Qc7 23. Re1 Rd7 24. h3 Qa5 25. Rf4 Qxa2 26. e6 Rde7 27.
Qf3 Qa3 28. Re3 Qc5 29. Rf7 Rxe6 30. Rxg7+ Kxg7 31. Qg4+ Kh8 32. Kh1 Qxe3 33.
Qd4+ Qxd4 34. cxd4 a5 35. Kg1 a4 36. c3 a3 37. Kh2 a2 38. Kg3 a1=Q 39. Kf3 Qf1+
40. Kg3 Rg8+ 41. Kh4 Rh6# 0-1

[Event "NK Jeugd Cm"]
[Site "Assen"]
[Date "2017.04.24"]
[Round "2.4"]
[White "De Putter, Nina"]
[Black "De Boer, Marit"]
[Result "1-0"]
[WhiteElo "1459"]
[BlackElo "1194"]
[PlyCount "105"]
[EventDate "2017.??.??"]

1. e4 e5 2. Nf3 Nc6 3. Bc4 Be7 4. d4 d6 5. dxe5 Nxe5 6. Nxe5 dxe5 7. Qh5 g6 8.
Qxe5 f6 9. Qb5+ c6 10. Qb3 Kf8 11. O-O b5 12. Bxg8 Rxg8 13. Bh6+ Rg7 14. Bxg7+
Kxg7 15. a4 b4 16. c3 c5 17. Rd1 Qc7 18. Qc2 Bd6 19. g3 Bg4 20. Rd2 Qe7 21.
cxb4 cxb4 22. Qc6 Rd8 23. Rd4 Bh3 24. Nd2 Be5 25. Rxd8 Qxd8 26. Qb7+ Kh8 27.
Qxb4 a5 28. Qa3 Bd4 29. Nf3 Bb6 30. Qc3 h6 31. Qd2 Qxd2 32. Nxd2 Kg7 33. Nc4
Bc7 34. Rb1 Be6 35. Ne3 Bb3 36. Nd5 Bd8 37. Nf4 Kf7 38. Rc1 Bxa4 39. Rc8 Bb6
40. Nd5 Bd4 41. Rc7+ Kf8 42. Rc4 Bxb2 43. Rxa4 g5 44. Rxa5 h5 45. Kg2 Kf7 46.
Kf3 g4+ 47. Kf4 Bc1+ 48. Ne3 Bd2 49. Rxh5 Ke6 50. Kxg4 Bxe3 51. fxe3 Ke7 52.
Kf5 Kd6 53. Kxf6 1-0

[Event "NK Jeugd Cm"]
[Site "Assen"]
[Date "2017.04.24"]
[Round "2.5"]
[White "De Zoeten, Cato"]
[Black "Honkoop, Stella"]
[Result "1-0"]
[WhiteElo "1269"]
[BlackElo "1389"]
[PlyCount "67"]
[EventDate "2017.??.??"]

1. e4 d6 2. d4 Nf6 3. Nc3 Nbd7 4. f4 e5 5. Nf3 exd4 6. Nxd4 c6 7. Bc4 Qc7 8. a3
Nb6 9. Bb3 Bd7 10. O-O Be7 11. Nf3 h6 12. Re1 O-O 13. e5 Ne8 14. Nd4 dxe5 15.
fxe5 Bc5 16. Kh1 Bxd4 17. Qxd4 c5 18. Qh4 Qc6 19. Re3 g5 20. Rg3 Ng7 21. Bxg5
Kh7 22. Ne4 Nf5 23. Nf6+ Qxf6 24. Bxf6 Nxh4 25. Rg7+ Kh8 26. Rxf7+ Kg8 27.
Rxd7+ Rf7 28. Rxf7 c4 29. Rg7+ Kf8 30. Bxc4 Nxc4 31. e6 Nf5 32. e7+ Nxe7 33.
Rxe7 Nxb2 34. Rh7 1-0

[Event "NK Jeugd Cm"]
[Site "Assen"]
[Date "2017.04.24"]
[Round "2.6"]
[White "Tiggelman, Laura"]
[Black "Bruggink, Lyne"]
[Result "1-0"]
[WhiteElo "1114"]
[BlackElo "849"]
[PlyCount "123"]
[EventDate "2017.??.??"]

1. e4 e5 2. Nf3 d6 3. Bc4 Be7 4. Nc3 Nf6 5. d3 O-O 6. h3 c6 7. Bd2 d5 8. Bb3 d4
9. Ne2 Qd6 10. a3 a5 11. Ba2 Nbd7 12. b4 Qc7 13. bxa5 Kh8 14. O-O Bxa3 15. Bxf7
Rxf7 16. Rxa3 Nc5 17. Ng5 Re7 18. Bb4 Nfd7 19. Ng3 Re8 20. Nf5 g6 21. Nh4 Na6
22. Nf7+ Kg7 23. Bd6 Kxf7 24. Bxc7 Nxc7 25. f4 Nf6 26. fxe5 Rxe5 27. Qf3 Nce8
28. Qf4 Rc5 29. Nf3 Kg8 30. Nxd4 Kh8 31. e5 Ng8 32. h4 Ng7 33. Nf3 Nh5 34. Qd2
Bf5 35. Ng5 Ng3 36. Rf3 Nh5 37. Rb3 Ra7 38. Rb4 Rcxa5 39. Rb1 Rc5 40. Rbf1 b6
41. e6 Re7 42. Qe3 h6 43. Qd4+ Nhf6 44. Nf7+ Kh7 45. h5 Rd5 46. hxg6+ Bxg6 47.
Qh4 Rh5 48. Qf2 Ng4 49. Qd4 N4f6 50. Rxf6 Nxf6 51. Qxf6 Re8 52. Ne5 Rg8 53.
Nxg6 Rxg6 54. Qf7+ Rg7 55. Qxh5 Rg5 56. Qf7+ Rg7 57. Qe8 c5 58. Rf7 c4 59.
Rxg7+ Kxg7 60. Qf7+ Kh8 61. e7 cxd3 62. e8=R# 1-0

[Event "NK Jeugd Cm"]
[Site "Assen"]
[Date "2017.04.24"]
[Round "2.7"]
[White "Boghossian, Linet"]
[Black "Hatzmann, Mirthe"]
[Result "1-0"]
[WhiteElo "1288"]
[BlackElo "915"]
[PlyCount "69"]
[EventDate "2017.??.??"]

1. e4 e5 2. Nf3 Nc6 3. Bc4 Bc5 4. d3 Nf6 5. Bg5 h6 6. Bh4 Be7 7. Bg3 d6 8. h3
b6 9. Nc3 Bb7 10. O-O O-O 11. Re1 Qc8 12. Nh4 Bd8 13. f4 Re8 14. fxe5 dxe5 15.
Nf3 Qd7 16. Bb5 Qd6 17. Bxc6 Bxc6 18. d4 Nd7 19. Kh2 f6 20. Qe2 Qb4 21. a3 Qd6
22. Rad1 Qf8 23. Qc4+ Qf7 24. Qxc6 Rb8 25. dxe5 Nxe5 26. Nxe5 fxe5 27. Qd5 Bf6
28. Qxf7+ Kxf7 29. Rd7+ Re7 30. Rxe7+ Kxe7 31. Nd5+ Kd7 32. Rd1 Kc6 33. Nxf6
gxf6 34. Rf1 Rf8 35. Bxe5 1-0

[Event "NK Jeugd Cm"]
[Site "Assen"]
[Date "2017.04.24"]
[Round "2.8"]
[White "Van Dongen, Lana"]
[Black "Arnold, Kiri"]
[Result "0-1"]
[WhiteElo "906"]
[BlackElo "1104"]
[PlyCount "108"]
[EventDate "2017.??.??"]

1. c4 e6 2. Nc3 Nf6 3. g3 c6 4. Bg2 d5 5. b3 Be7 6. Nf3 O-O 7. O-O Nbd7 8. Bb2
Qc7 9. Qc2 Nb6 10. e4 dxc4 11. Na4 cxb3 12. axb3 h6 13. Be5 Qd8 14. Bd4 Nfd7
15. Qc3 Bf6 16. Nxb6 Nxb6 17. Bxf6 Qxf6 18. Qxf6 gxf6 19. Ra5 e5 20. d4 Nd7 21.
dxe5 b6 22. Ra2 fxe5 23. Rd2 f6 24. Rfd1 Nc5 25. Rd8 Nxb3 26. Rxf8+ Kxf8 27.
Rd6 Ke7 28. Rxc6 Bd7 29. Rc7 a5 30. Bh3 Nc5 31. Nh4 Kd8 32. Bxd7 Kxc7 33. Bg4
a4 34. Nf5 a3 35. Ne3 a2 36. Nc2 a1=Q+ 37. Nxa1 Rxa1+ 38. Kg2 Nxe4 39. Bf3 Ra4
40. h3 b5 41. h4 Nd6 42. Bd5 b4 43. Kf1 Ra5 44. Bb3 Ra3 45. Bd5 b3 46. Bxb3
Rxb3 47. Kg2 Ne4 48. f3 Rb2+ 49. Kh3 Nf2+ 50. Kg2 Kd6 51. f4 e4 52. Kf1 e3 53.
Ke1 Nd3+ 54. Kd1 e2# 0-1

[Event "NK Jeugd Cm"]
[Site "Assen"]
[Date "2017.04.24"]
[Round "2.9"]
[White "Rijken, Heidi"]
[Black "Stevanovic, Alexandra"]
[Result "0-1"]
[WhiteElo "1035"]
[BlackElo "839"]
[PlyCount "68"]
[EventDate "2017.??.??"]

1. d4 d5 2. c4 Bf5 3. Nc3 Nf6 4. Nf3 e6 5. Bg5 Nbd7 6. e3 h6 7. Bh4 g5 8. Bg3
Bb4 9. Be2 Ne4 10. Qb3 Qe7 11. O-O Bxc3 12. bxc3 g4 13. Bxc7 Nb6 14. Qb5+ Qd7
15. Qxd7+ Kxd7 16. Bxb6 gxf3 17. Bxf3 axb6 18. cxd5 exd5 19. Rfc1 Ra3 20. c4
dxc4 21. Bxe4 Bxe4 22. Rxc4 Bd5 23. Rc2 Rg8 24. g3 Rc8 25. Rxc8 Kxc8 26. Kf1 b5
27. Ke1 b4 28. Rc1+ Kd8 29. Rb1 Ra4 30. f4 Bxa2 31. Rb2 Bc4 32. g4 Ra1+ 33. Kf2
Ra2 34. Rxa2 Bxa2 0-1

[Event "NK Jeugd Cm"]
[Site "Assen"]
[Date "2017.04.24"]
[Round "2.10"]
[White "Lukasiak, Alicja"]
[Black "Mang, Dalya"]
[Result "0-1"]
[WhiteElo "175"]
[BlackElo "1000"]
[PlyCount "64"]
[EventDate "2017.??.??"]

1. e4 e5 2. Nf3 Nc6 3. Bc4 Bc5 4. d3 h6 5. Nc3 Nf6 6. Bd5 d6 7. Bxc6+ bxc6 8.
d4 exd4 9. Nxd4 Bd7 10. Be3 O-O 11. O-O Re8 12. Qf3 Bb4 13. a3 Bxc3 14. bxc3
Rxe4 15. Rab1 c5 16. Nf5 Bxf5 17. Qxf5 Re5 18. Qf4 Qd7 19. Rfd1 Rae8 20. Qg3
Nh5 21. Qf3 R8e6 22. Rd5 Rxd5 23. Qxd5 Nf6 24. Qf5 Qd8 25. h3 Ne4 26. Qg4 Qf6
27. Rb8+ Kh7 28. f3 Nxc3 29. Bd2 Nb1 30. Rxb1 Re2 31. Qf4 Qg6 32. Re1 Qxg2# 0-1

[Event "NK Jeugd Cm"]
[Site "Assen"]
[Date "2017.04.24"]
[Round "2.11"]
[White "Basa, Manasvita"]
[Black "Van Essen, Marieke"]
[Result "1-0"]
[WhiteElo "935"]
[BlackElo "821"]
[PlyCount "61"]
[EventDate "2017.??.??"]

1. e4 e5 2. Bc4 Bc5 3. Nf3 Nc6 4. Nc3 d6 {...} 5. h3 Nf6 6. d3 O-O 7. Bg5 h6 8.
Bh4 Be6 9. Bb3 Re8 10. O-O Bxb3 11. axb3 Re6 12. Nd5 g5 13. Bg3 g4 14. hxg4
Nxg4 15. Nh4 h5 16. Nf5 Nd4 17. Nxd4 Bxd4 18. c3 Bb6 19. d4 exd4 20. cxd4 c5
21. Qd3 Nf6 22. Bh4 Kg7 23. Qg3+ Kh7 24. Nxf6+ Rxf6 25. e5 dxe5 26. dxe5 Bc7
27. Bxf6 Qxf6 28. exf6 Bxg3 29. fxg3 a5 30. Rf5 b6 31. Rxh5+ 1-0

[Event "NK Jeugd Cm"]
[Site "Assen"]
[Date "2017.04.24"]
[Round "3.1"]
[White "De Putter, Nina"]
[Black "Mang, Jessie"]
[Result "1/2-1/2"]
[WhiteElo "1459"]
[BlackElo "1552"]
[PlyCount "124"]
[EventDate "2017.??.??"]

1. e4 c5 2. Nf3 d6 3. d4 cxd4 4. Nxd4 Nf6 5. Nc3 g6 6. Be2 Bg7 7. Be3 O-O 8.
Qd2 Nc6 9. f3 Nxd4 10. Bxd4 Be6 11. O-O-O Qa5 12. a3 Rfc8 13. g4 Rab8 14. h4 b5
15. h5 b4 16. Nb1 Qa4 17. c3 bxa3 18. Nxa3 Rb3 19. hxg6 hxg6 20. g5 Rxa3 21.
bxa3 Rb8 22. c4 Nh5 23. Bxg7 Kxg7 24. Qc3+ Kg8 25. Rd3 Bxc4 26. Rd4 Rb3 27.
Qxc4 Qxa3+ 28. Kd2 Qa2+ 29. Ke1 Rb1+ 30. Rd1 Qa5+ 31. Kf2 Qb6+ 32. Kg2 Rb2 33.
Rde1 Qe3 34. Rh4 Qxg5+ 35. Rg4 Nf4+ 36. Kf1 Qh5 37. Rxf4 g5 38. Qc8+ Kh7 39.
Qf5+ Kg7 40. Qg4 Qh1+ 41. Kf2 Qh2+ 42. Ke3 Rb3+ 43. Kd2 Qxf4+ 44. Qxf4 gxf4 45.
Rc1 Kf6 46. Rc7 a5 47. Ra7 Ra3 48. Rc7 a4 49. Rc3 Rxc3 50. Kxc3 Ke5 51. Bd1 a3
52. Bb3 f5 53. exf5 Kxf5 54. Kd4 Kg5 55. Ke4 e5 56. Kd5 Kh4 57. Ke4 Kg3 58. Ba2
Kf2 59. Bb3 Ke2 60. Ba2 Kd2 61. Bb3 Kc3 62. Ba2 Kd2 1/2-1/2

[Event "NK Jeugd Cm"]
[Site "Assen"]
[Date "2017.04.24"]
[Round "3.2"]
[White "Martinez, Sara"]
[Black "De Zoeten, Cato"]
[Result "1-0"]
[WhiteElo "1496"]
[BlackElo "1269"]
[PlyCount "51"]
[EventDate "2017.??.??"]

1. e4 c5 2. Nf3 d6 3. d4 cxd4 4. Nxd4 Nf6 5. Nc3 g6 6. Be3 Bg7 7. f3 O-O 8. Qd2
Nc6 9. O-O-O d5 10. Nxc6 bxc6 11. e5 Nd7 12. f4 f6 13. exf6 Nxf6 14. g3 a5 15.
Bg2 Kh8 16. h3 Qc7 17. Na4 Rb8 18. c3 e5 19. fxe5 Ng8 20. Rhf1 Bd7 21. Nc5 Bxe5
22. Bd4 Nf6 23. Na6 Qd6 24. Nxb8 Rxb8 25. Rde1 Bxd4 26. Qxd4 1-0

[Event "NK Jeugd Cm"]
[Site "Assen"]
[Date "2017.04.24"]
[Round "3.3"]
[White "Roebers, Eline"]
[Black "Honkoop, Stella"]
[Result "1/2-1/2"]
[WhiteElo "1788"]
[BlackElo "1389"]
[PlyCount "39"]
[EventDate "2017.??.??"]

1. f4 d6 2. Nf3 Nf6 3. Nc3 Nbd7 4. e4 e5 5. Bc4 h6 6. d3 c6 7. O-O Qc7 8. h3
Be7 9. Qe1 exf4 10. Qf2 g5 11. Nd4 Ne5 12. Bb3 Bd7 13. Bd2 O-O-O 14. a4 a5 15.
Rfb1 Qb6 16. Kf1 Rhf8 17. Ke1 Kb8 18. Ncb5 Rc8 19. Na3 Rfe8 20. Kf1 1/2-1/2

[Event "NK Jeugd Cm"]
[Site "Assen"]
[Date "2017.04.24"]
[Round "3.4"]
[White "Woest, Imre"]
[Black "Adema, Marrit"]
[Result "0-1"]
[WhiteElo "1332"]
[BlackElo "1379"]
[PlyCount "52"]
[EventDate "2017.??.??"]

1. e4 c5 2. Nf3 d6 3. d4 cxd4 4. Nxd4 Nf6 5. Nc3 g6 6. Be3 Bg7 7. f3 O-O 8. Qd2
Nc6 9. O-O-O d5 10. Nxc6 bxc6 11. g4 Qa5 12. Bh6 d4 13. Bxg7 dxc3 14. Qxc3 Qxc3
15. bxc3 Kxg7 16. h4 h5 17. e5 Nd5 18. gxh5 Nxc3 19. Rd2 gxh5 20. Rg2+ Kh6 21.
Rhg1 Rb8 22. Kd2 Nxa2 23. Bd3 Rd8 24. Rg6+ fxg6 25. Rxg6+ Kh7 26. Rd6+ Bf5 0-1

[Event "NK Jeugd Cm"]
[Site "Assen"]
[Date "2017.04.24"]
[Round "3.5"]
[White "Arnold, Kiri"]
[Black "Boghossian, Linet"]
[Result "1/2-1/2"]
[WhiteElo "1104"]
[BlackElo "1288"]
[PlyCount "128"]
[EventDate "2017.??.??"]

1. e4 e5 2. Nf3 Nc6 3. Bb5 d6 4. h3 Nf6 5. d3 h6 6. c3 Bd7 7. Nbd2 Be7 8. Nf1
O-O 9. Ng3 Nh7 10. O-O a6 11. Ba4 b5 12. Bb3 Ng5 13. Be3 Na5 14. Bc2 Nxf3+ 15.
Qxf3 Qc8 16. Kh2 f5 17. b4 Nc6 18. Bb3+ Kh8 19. Ne2 fxe4 20. Qxe4 Na7 21. Ng3
c6 22. d4 Bf6 23. Bc2 Bf5 24. Nxf5 d5 25. Qf3 e4 26. Qh5 Bg5 27. Ng3 Bf6 28.
Kg1 Qe6 29. Qg4 Qxg4 30. hxg4 Nc8 31. Bf4 Bxd4 32. Bd2 Ba7 33. Be3 Nd6 34. Bxa7
Rxa7 35. Bb3 Re8 36. Rae1 Rae7 37. f3 e3 38. Re2 Re6 39. Rfe1 Nf7 40. Nh5 Kg8
41. Ng3 Ne5 42. Kf1 Nd3 43. Rd1 Nf4 44. Ree1 e2+ 45. Nxe2 Nxe2 46. Rb1 Nxc3 47.
Rbc1 Rxe1+ 48. Rxe1 Rxe1+ 49. Kxe1 Na4 50. Kd2 Kf7 51. Bxa4 bxa4 52. Kd3 Ke6
53. Kd4 Kd6 54. g3 Ke6 55. a3 g6 56. Ke3 Ke5 57. Kd3 g5 58. Ke3 d4+ 59. Ke2 Kd5
60. Kd3 c5 61. bxc5 Kxc5 62. f4 gxf4 63. gxf4 Kd5 64. f5 Ke5 1/2-1/2